Создание опытно-промышленного производства изделий из нанокерамики; Производственные технологии. Развитие производственных технологий в ВУЗах России; Вып. 2

Bibliografische gegevens
Parent link:Производственные технологии. Развитие производственных технологий в ВУЗах России: сборник научно-технических статей/ ред. кол.: Э. М. Соколов, В. В. Качак, О. В. Зарубина, Е. И. Лапин, А. А. Барзов.— , 1997-1999
Вып. 2.— 1999.— С. 114-115
Hoofdauteur: Хасанов О. Л. Олег Леонидович
Andere auteurs: Похолков Ю. П. Юрий Петрович
Taal:Russisch
Gepubliceerd in: 1999
Onderwerpen:
Formaat: MixedMaterials Hoofdstuk
KOHA link:https://koha.lib.tpu.ru/cgi-bin/koha/opac-detail.pl?biblionumber=169204

MARC

LEADER 00000naa2a2200000 4500
001 169204
005 20240914063138.0
035 |a (RuTPU)RU\TPU\book\183543 
090 |a 169204 
100 |a 20091109d1999 k y0rusy50 ca 
101 0 |a rus 
102 |a RU 
200 1 |a Создание опытно-промышленного производства изделий из нанокерамики  |f О. Л. Хасанов, Ю. П. Похолков 
461 1 |0 (RuTPU)RU\TPU\book\22893  |t Производственные технологии. Развитие производственных технологий в ВУЗах России  |o сборник научно-технических статей  |f ред. кол.: Э. М. Соколов, В. В. Качак, О. В. Зарубина, Е. И. Лапин, А. А. Барзов  |d 1997-1999  |s Конверсия и высокие технологии. 1997 - 2000 годы ; Раздел 5 
463 0 |0 (RuTPU)RU\TPU\book\220357  |t Вып. 2  |v С. 114-115  |d 1999  |p 120 с. 
610 1 |a труды учёных ТПУ 
700 1 |a Хасанов  |b О. Л.  |c физик, специалист в области наноматериалов  |c профессор Томского политехнического университета, доктор технических наук  |c директор Нано-Центра ТПУ, заведующий кафедрой наноматериалов и нанотехнологий  |f 1958-  |g Олег Леонидович  |3 (RuTPU)RU\TPU\pers\26436  |9 12140 
701 1 |a Похолков  |b Ю. П.  |c специалист в области электротехники, доктор технических наук  |c ректор Томского политехнического университета (1990-2008), профессор  |f 1939-  |g Юрий Петрович  |x TPU  |y Томск  |3 (RuTPU)RU\TPU\pers\10508  |4 070  |9 2235 
801 1 |a RU  |b 63413507  |c 20091109 
801 2 |a RU  |b 63413507  |c 20111007  |g RCR 
942 |c BK